Normal view
MARC view
- Jamila Hashmi
Entry Personal Name
001 - CONTROL NUMBER
- control field: 79152
003 - CONTROL NUMBER IDENTIFIER
- control field: NUST
005 - DATE AND TIME OF LATEST TRANSACTION
- control field: 20210628210400.0
008 - FIXED-LENGTH DATA ELEMENTS
- fixed length control field: 210628|| aca||aabn | a|a d
040 ## - CATALOGING SOURCE
- Original cataloging agency: NUST
- Transcribing agency: NUST
100 ## - HEADING--PERSONAL NAME
- Personal name: Jamila Hashmi
670 ## - SOURCE DATA FOUND
- Source citation: Work cat.: (NUST): Jamila Hashmi, Talash baharan, 1988
